[Event "Alberta-ch U20"]
[Site "Calgary"]
[Date "2011.11.05"]
[Round "1.5"]
[White "Zhao, Chenxi"]
[Black "Wang, Yuekai"]
[Result "0-1"]
[WhiteElo "1430"]
[BlackElo "1801"]
[PlyCount "64"]
[EventDate "2011.11.05"]
[EventType "swiss"]
[EventRounds "5"]
[EventCountry "CAN"]
[SourceTitle "EXT 2022"]
[Source "ChessBase"]
[SourceDate "2021.10.06"]
[SourceVersion "1"]
[SourceVersionDate "2021.10.06"]
[SourceQuality "1"]

1. e4 c5 2. Nf3 e6 3. d4 cxd4 4. Nxd4 Nc6 5. Nb5 Bb4+ 6. Bd2 d5 7. e5 Bxd2+ 8. Qxd2 Nge7 9. Nd6+ Kf8 10. Qf4 Nf5 11. g4 Nxd6 12. exd6 e5 13. Qf3 Qxd6 14. Nc3 Nd4 15. Qd1 Qg6 16. Bd3 Qxg4 17. Qxg4 Bxg4 18. Ne2 Bxe2 19. Bxe2 Nxc2+ 20. Kd2 Nxa1 21. Rxa1 Rc8 22. Re1 f5 23. Bd1 e4 24. f3 Ke7 25. fxe4 dxe4 26. Bb3 Rhd8+ 27. Ke3 Kf6 28. Rf1 Rd3+ 29. Ke2 Rcd8 30. Ke1 Rd2 31. h4 Rxb2 32. Bc4 Rb1+ 0-1

[Event "Calgary Alberta op"]
[Site "Calgary"]
[Date "2010.10.11"]
[Round "6.7"]
[White "Wang, Yuekai"]
[Black "Wen, Jean Francois"]
[Result "1/2-1/2"]
[WhiteElo "1945"]
[BlackElo "2172"]
[PlyCount "75"]
[EventDate "2010.10.09"]
[EventType "swiss"]
[EventRounds "6"]
[EventCountry "CAN"]
[SourceTitle "EXT 2022"]
[Source "ChessBase"]
[SourceDate "2021.10.06"]
[SourceVersion "1"]
[SourceVersionDate "2021.10.06"]
[SourceQuality "1"]

1. e4 e6 2. d4 d5 3. Nd2 c5 4. c3 cxd4 5. cxd4 dxe4 6. Nxe4 Bb4+ 7. Bd2 Qxd4 8. Nc3 Nc6 9. Nf3 Qd8 10. Qc2 Nf6 11. 0-0-0 Bd7 12. Ne4 Nxe4 13. Qxe4 Bxd2+ 14. Rxd2 Qe7 15. Kb1 0-0-0 16. Be2 f6 17. Rc1 Kb8 18. Qe3 e5 19. Ka1 Be6 20. Bb5 Rxd2 21. Nxd2 Nd4 22. Bd3 Qd7 23. b3 Nc6 24. Bb5 Rc8 25. Ne4 Qd4+ 26. Qxd4 Nxd4 27. Rxc8+ Bxc8 28. Bd3 Kc7 29. Kb2 h6 30. h4 b6 31. Ng3 Kd6 32. Nh5 f5 33. Nxg7 e4 34. Bf1 Ke5 35. Kc3 a5 36. a3 Bd7 37. Nh5 Bb5 38. Bc4 1/2-1/2

[Event "CAN-ch U14"]
[Site "Windsor"]
[Date "2010.07.06"]
[Round "1"]
[White "Bacic, Andrew"]
[Black "Wang, Yuekai"]
[Result "0-1"]
[WhiteElo "1156"]
[BlackElo "1915"]
[PlyCount "26"]
[EventDate "2010.07.06"]
[EventType "swiss"]
[EventRounds "7"]
[EventCountry "CAN"]
[SourceTitle "EXT 2012"]
[Source "ChessBase"]
[SourceDate "2011.11.24"]
[SourceVersion "1"]
[SourceVersionDate "2011.11.24"]
[SourceQuality "1"]

1. d4 d5 2. Nc3 Bf5 3. Nf3 Nc6 4. Bf4 e6 5. Nb5 Rc8 6. c3 a6 7. Na3 Nf6 8. e3 Ne4 9. Qd2 Nxd2 10. Nxd2 Bxa3 11. bxa3 Qe7 12. Nf3 Qxa3 13. Be2 Qxc3+ 0-1

[Event "CAN-ch U14"]
[Site "Windsor"]
[Date "2010.07.06"]
[Round "2"]
[White "Wang, Yuekai"]
[Black "Semianiuk, Konstantin"]
[Result "0-1"]
[WhiteElo "1915"]
[BlackElo "2041"]
[PlyCount "56"]
[EventDate "2010.07.06"]
[EventType "swiss"]
[EventRounds "7"]
[EventCountry "CAN"]
[SourceTitle "EXT 2012"]
[Source "ChessBase"]
[SourceDate "2011.11.24"]
[SourceVersion "1"]
[SourceVersionDate "2011.11.24"]
[SourceQuality "1"]

1. e4 c5 2. Nf3 Nc6 3. d4 cxd4 4. Nxd4 e5 5. Nb5 d6 6. N1c3 a6 7. Na3 b5 8. Nd5 Nce7 9. Be3 Nxd5 10. Qxd5 Be6 11. Qd2 Nf6 12. f3 d5 13. exd5 Nxd5 14. Nxb5 axb5 15. Bxb5+ Ke7 16. Bc6 Rc8 17. Bxd5 Qxd5 18. Qxd5 Bxd5 19. c3 Ke6 20. Kf2 f5 21. g3 Be7 22. Rhc1 h5 23. h4 f4 24. Bd2 Rhf8 25. gxf4 Bxh4+ 26. Kg2 exf4 27. Rh1 g5 28. Be1 Bxe1 0-1

[Event "Alberta-ch U20"]
[Site "Calgary"]
[Date "2009.11.07"]
[Round "1"]
[White "Virji, Naveed"]
[Black "Wang, Yuekai"]
[Result "0-1"]
[WhiteElo "1478"]
[BlackElo "1806"]
[PlyCount "86"]
[EventDate "2009.11.07"]
[EventType "tourn"]
[EventRounds "5"]
[EventCountry "CAN"]
[SourceTitle "EXT 2011"]
[Source "ChessBase"]
[SourceDate "2010.11.26"]
[SourceVersion "1"]
[SourceVersionDate "2010.11.26"]
[SourceQuality "1"]

1. e4 c5 2. Nf3 Nc6 3. d4 cxd4 4. Nxd4 Nf6 5. Nxc6 bxc6 6. Nc3 e5 7. Bg5 Bb4 8. Qf3 Qa5 9. Bd2 d5 10. exd5 Nxd5 11. 0-0-0 Bxc3 12. Bxc3 Qxa2 13. Bxe5 0-0 14. Qg3 f6 15. Bd6 Rd8 16. Qa3 Qxa3 17. Bxa3 Bg4 18. f3 Bf5 19. c4 Ne3 20. Rxd8+ Rxd8 21. Be2 Nxg2 22. Bc5 Nf4 23. Bf1 a6 24. Bb6 Rd7 25. c5 Bd3 26. Bxd3 Nxd3+ 27. Kc2 Ne5 28. f4 Ng6 29. Re1 Kf7 30. Ra1 Nxf4 31. Rxa6 Ne6 32. b4 g5 33. Ba5 Nd4+ 34. Kc3 f5 35. Kd3 f4 36. Ke4 f3 37. Ke3 Re7+ 38. Kf2 Re2+ 39. Kf1 Nf5 40. Ra7+ Kg6 41. Bd8 Ne3+ 42. Kg1 f2+ 43. Kh1 Re1# 0-1